000 00384nam a2200157Ia 4500
008 230917s9999||||xx |||||||||||||| ||und||
040 _e113629
_aMAIN
041 _aEnglish
082 _a327 G577I
100 _aGoldstein ,Joshua S.
245 0 _aInternational relation
250 _a6th ed.
260 _aNew Delhi
_bPearson Education
_c2005
300 _a624p. p.
942 _cBK
999 _c138712
_d138712